Score 0/24 Timer 05:00
3 Plays Today
Question Answer Wrong Answers
Human + Horse Centaur
98.1%
Mermaid
0.3%
Griffin
0.6%
Chimera
0.6%
Human + Fish Mermaid
96.8%
Centaur
0.5%
Griffin
1.7%
Chimera
0.9%
Lion + Goat + Snake Chimera
95.2%
Mermaid
0.4%
Centaur
0.8%
Griffin
1.6%
Human + Goat Faun
90.9%
Harpy
1.4%
Hippocampus
0.9%
Pegasus
0.6%
Bull + Human Minotaur
90.7%
Echidna
0.3%
Manticore
2.3%
Sekhmet
0.4%
Eagle + Lion Griffin
90.2%
Mermaid
0.3%
Centaur
0.5%
Chimera
8.1%
Wolf + Human Werewolf
90.1%
Quetzalcoatl
0.9%
Basilisk
0.6%
Cernunnos
1.1%
Horse + Eagle Pegasus
89%
Harpy
1.7%
Hippocampus
1.7%
Faun
1.9%
Human + Eagle Harpy
87.7%
Hippocampus
1.5%
Pegasus
2.8%
Faun
2.7%
Stag + Human Cernunnos
84.4%
Werewolf
0.4%
Quetzalcoatl
5.4%
Basilisk
2%
Jackal + Human Anubis
82.4%
Ammit
2.8%
Horus
8.7%
Thoth
3.1%
Horse + Fish Hippocampus
82.2%
Harpy
2.8%
Pegasus
3.4%
Faun
5.9%
Lion + Human Sekhmet
80%
Minotaur
1.1%
Echidna
5.9%
Manticore
5.9%
Elephant + Human Ganesha
75.2%
Ushi-oni
5.6%
Nue
5.6%
Lamassu
4.3%
Falcon + Human Horus
73.4%
Anubis
4.8%
Ammit
2.7%
Thoth
14.5%
Ibis + Human Thoth
73.2%
Anubis
9.5%
Ammit
7%
Horus
5.2%
Human + Lion + Scorpion Manticore
69%
Minotaur
0.9%
Echidna
4.5%
Sekhmet
18.6%
Rooster + Snake Basilisk
53.4%
Werewolf
0.4%
Quetzalcoatl
7.7%
Cernunnos
30.8%
Snake + Bird Quetzalcoatl
51.1%
Werewolf
0.3%
Basilisk
31.2%
Cernunnos
9.8%
Human + Bull + Bird Lamassu
50.3%
Ushi-oni
8.7%
Nue
8%
Ganesha
23.6%
Ox + Spider Ushi-oni
45.5%
Nue
12.4%
Lamassu
19.2%
Ganesha
14.3%
Crocodile + Lion + Hippopotamus Ammit
44.3%
Anubis
3.6%
Horus
19.9%
Thoth
28.4%
Human + Snake Echidna
35.5%
Minotaur
0.5%
Manticore
16.3%
Sekhmet
41.1%
Monkey + Tiger + Snake Nue
24.7%
Ushi-oni
9.4%
Lamassu
37.5%
Ganesha
19.4%
Remove Ads.
Support Sporcle.
Get the best of Sporcle when you Go Orange. This ad-free experience offers more features, more stats, and more fun while also helping to support Sporcle. Thank you for becoming a member.

You're not logged in!

Compare scores with friends on all Sporcle quizzes.
OR
Log In

Show Comments

Extras

Top Quizzes Today


Score Distribution

Your Account Isn't Verified!

In order to create a playlist on Sporcle, you need to verify the email address you used during registration. Go to your Sporcle Settings to finish the process.

Report this User

Report this user for behavior that violates our Community Guidelines.

Details: